The ACS style guide : (Record no. 18910)
[ view plain ]
| 000 -LEADER | |
|---|---|
| fixed length control field | 01804cam a2200337 a 4500 |
| 001 - CONTROL NUMBER | |
| control field | 14220445 |
| 003 - CONTROL NUMBER IDENTIFIER | |
| control field | EG-ScBUE |
| 005 - DATE AND TIME OF LATEST TRANSACTION | |
| control field | 20200209112703.0 |
| 008 - FIXED-LENGTH DATA ELEMENTS--GENERAL INFORMATION | |
| fixed length control field | 060106t2006 wauadk f bf 001 0 eng d |
| 020 ## - INTERNATIONAL STANDARD BOOK NUMBER | |
| International Standard Book Number | 9780841239999 (cloth : alk. paper) |
| 040 ## - CATALOGING SOURCE | |
| Original cataloging agency | DLC |
| Language of cataloging | eng |
| Description conventions | rda |
| Transcribing agency | DLC |
| Modifying agency | BAKER |
| -- | C#P |
| -- | YDXCP |
| -- | OCLCQ |
| -- | BTCTA |
| -- | PUL |
| -- | IAC |
| -- | NLGGC |
| -- | UPP |
| -- | DLC |
| -- | WaU |
| -- | EG-ScBUE |
| 082 04 - DEWEY DECIMAL CLASSIFICATION NUMBER | |
| Classification number | 808.06654 |
| Item number | ACS |
| Edition number | 22 |
| 245 04 - TITLE STATEMENT | |
| Title | The ACS style guide : |
| Remainder of title | effective communication of scientific information / |
| Statement of responsibility, etc | editors Anne M. Coghill, Lorrin R. Garson. |
| 250 ## - EDITION STATEMENT | |
| Edition statement | Third edition. |
| 264 #1 - PUBLICATION, DISTRIBUTION, ETC. (IMPRINT) | |
| Place of publication, distribution, etc | Washington, DC : |
| Name of publisher, distributor, etc | American Chemical Society ; |
| Place of publication, distribution, etc | Oxford ; |
| -- | New York : |
| Name of publisher, distributor, etc | Oxford University Press, |
| Date of publication, distribution, etc | [2006] |
| 264 #4 - PUBLICATION, DISTRIBUTION, ETC. (IMPRINT) | |
| Date of publication, distribution, etc | c2006 |
| 300 ## - PHYSICAL DESCRIPTION | |
| Extent | xiv, 430 pages : |
| Other physical details | charts, forms, tables ; |
| Dimensions | 25 cm |
| 336 ## - CONTENT TYPE | |
| Source | rdacontent |
| Content type term | text |
| Content type code | txt |
| 337 ## - MEDIA TYPE | |
| Source | rdamedia |
| Media type term | unmediated |
| Media type code | n |
| 338 ## - CARRIER TYPE | |
| Source | rdacarrier |
| Carrier type term | volume |
| Carrier type code | nc |
| 504 ## - BIBLIOGRAPHY, ETC. NOTE | |
| Bibliography, etc | Includes bibliographical references and index. |
| 520 ## - SUMMARY, ETC. | |
| Summary, etc | "The ACS Style Guide's Third Edition continues its long tradition of providing invaluable insight on ethics in scientific communication, the editorial process, copyright, conventions in chemistry, grammar, punctuation, spelling, and writing style for any STM author, reviewer, or editor. The Third Edition is the definitive source for all information needed to write, review, submit, and edit scholarly and scientific manuscripts." |
| 650 #7 - SUBJECT ADDED ENTRY--TOPICAL TERM | |
| Topical term or geographic name as entry element | Chemistry |
| General subdivision | Authorship |
| Form subdivision | Style manuals. |
| Source of heading or term | BUEsh |
| 9 (RLIN) | 37264 |
| 650 #7 - SUBJECT ADDED ENTRY--TOPICAL TERM | |
| Topical term or geographic name as entry element | Technical writing |
| Form subdivision | Handbooks, manuals, etc. |
| Source of heading or term | BUEsh |
| 9 (RLIN) | 5315 |
| 650 #7 - SUBJECT ADDED ENTRY--TOPICAL TERM | |
| Topical term or geographic name as entry element | English language |
| General subdivision | Style |
| Form subdivision | Handbooks, manuals, etc. |
| Source of heading or term | BUEsh |
| 9 (RLIN) | 37265 |
| 653 ## - INDEX TERM--UNCONTROLLED | |
| Resource For college | Engineering, Chemical |
| Arrived date list | January2015 |
| 655 ## - INDEX TERM--GENRE/FORM | |
| Form subdivision | Reading book |
| 700 1# - ADDED ENTRY--PERSONAL NAME | |
| Personal name | Coghill, Anne M., |
| Relator term | editor. |
| 9 (RLIN) | 37267 |
| 700 1# - ADDED ENTRY--PERSONAL NAME | |
| Personal name | Garson, Lorrin R., |
| Relator term | editor. |
| 9 (RLIN) | 37266 |
| 942 ## - ADDED ENTRY ELEMENTS (KOHA) | |
| Source of classification or shelving scheme | Dewey Decimal Classification |
| Call number prefix | 808.06654 ACS |
| Koha item type | Book - Borrowing |
| Withdrawn status | Lost status | Source of classification or shelving scheme | Damaged status | Not for loan | Collection code | Home library | Current library | Shelving location | Date acquired | Source of acquisition | Cost, normal purchase price | Serial Enumeration / chronology | Total Checkouts | Full call number | Barcode | Date last seen | Cost, replacement price | Koha item type |
|---|---|---|---|---|---|---|---|---|---|---|---|---|---|---|---|---|---|---|
| Dewey Decimal Classification | Baccah | Central Library | Central Library | Ground Floor | 19/01/2015 | 384.00 | 21291 | 808.06654 ACS | 000037333 | 15/07/2025 | 480.00 | Reference (NB) |